000 00365 a2200121 4500
001 ART_60223
005 20260410161813.0
008 260409a
245 1 0 _a¿Qué significa dolarizar?
100 1 _aBarreira Delfino, Eduardo A.
700 1 _aCamerini, Marcelo A.
773 0 _tDoctrina Societaria y Concursal
_g- N° 434 (ene. 2024)
_wREV4298
999 _c21606
_d21606